000
00334nam a22001457a 4500
008
210429b ||||| |||| 00| 0 eng d
020
_a
9780199828142
041
_a
eng
080
_2
4th
_a
34
082
_a
34
100
_a
13
101
_a
JUR
245
_a
Juvenile Delinquency Causes and Control
_c
Robert Agnew
942
_2
udc
_c
BK
999
_c
56997
_d
56997